Livre d'architecture d'autels, et de cheminees /

Bibliographic Details
Main Author: Barbet, J., active approximately 1635
Format: Book
Language:English
Published: Portland, Or. : Collegium Graphicum, [1972]
Series:Printed sources of Western art ; 12-13.
Subjects:

MARC

Tag First Indicator Second Indicator Subfields
LEADER 00000cam a2200000 a 4500
001 in00000092618
005 20151008064312.0
008 740304r19721633oruaf 00010 eng d
035 |a (OCoLC)00818872 
035 |9 AAK3922AM 
040 |a DRB  |c DRB  |d OCL  |d TXA  |d UtOrBLW 
049 |a TXAM  |v 1 [387749]  |v 2 [387750] 
090 |a NA2840  |b .B3 1972 
100 1 |a Barbet, J.,  |d active approximately 1635. 
245 1 0 |a Livre d'architecture d'autels, et de cheminees /  |c Jean Barbet. 
264 1 |a Portland, Or. :  |b Collegium Graphicum,  |c [1972] 
264 4 |c ©1972 
300 |a 2 volumes :  |b illustrations, plates ;  |c 29 cm. 
336 |a text  |b txt  |2 rdacontent 
337 |a unmediated  |b n  |2 rdamedia 
338 |a volume  |b nc  |2 rdacarrier 
490 1 |a The Printed sources of Western art ;  |v 12/13 
500 |a Reprint of Paris, 1633 edition. 
650 0 |a Architecture  |x Details. 
650 0 |a Decoration and ornament, Architectural. 
650 0 |a Altars. 
650 0 |a Mantels. 
830 0 |a Printed sources of Western art ;  |v 12-13. 
999 |a MARS 
999 f f |s 3e98bf38-9592-3885-8900-e83a8e99094d  |i 0e3c0a32-759b-3451-828d-46aab06f3d4a  |t 0 
952 f f |p ric  |a Texas A&M University  |b Rellis Campus  |c Joint Library Facility  |d Remote Storage  |t 0  |e NA2840 .B3 1972  |h Library of Congress classification  |i unmediated -- volume  |k v.1  |m A14806168332 
952 f f |p ric  |a Texas A&M University  |b Rellis Campus  |c Joint Library Facility  |d Remote Storage  |t 0  |e NA2840 .B3 1972  |h Library of Congress classification  |i unmediated -- volume  |k v.2  |m A14806168340 
998 f f |a NA2840 .B3 1972  |s v.1-v.2  |t 0  |l Remote Storage